000 01060nam a2200265 a 4500
003 AR-BaBNM
005 20251128203223.0
008 082120s2002 ||||||||||||||000 | spa||
040 _cAR-BaBNM
100 1 _aPoham, W. James
245 0 0 _aLos objetivos de la enseñanza
250 _a1ª ed.
260 _aBuenos Aires
_bPaidós
_bCentro Regional de Ayuda Técnica. Agencia para el Desarrollo Internacional
_c1972
300 _a124 p.
_bdiagr., tablas
500 _aEsta publicación ha sido preparada conjuntamente por Editorial Paidós y el Centro Regional de Ayuda Técnica, Departamento de Estado del Gobierno de Estados Unidos de América. El Centro es una organización dedicada a producir versiones en español del mater
504 _aContiene bibliografía en notas a pie de página
650 4 _aPLANIFICACION DEL CURRICULO
650 4 _aOBJETIVOS EDUCACIONALES
650 4 _aOBJETIVOS DEL CURSO
650 4 _aOBJETIVOS COGNOSCITIVOS
700 1 _aBaker, Eva L.
700 1 _aMartin, Sibila
_etraductor
942 _cBK
998 _cSILVI
999 _c2453
_d2453